000 00816nam a2200289 4500
001 2009
010 _a9789722361842
021 _aPT
_b437236/18
090 _a2009
100 _a20251124d2018 m||y0pory50030103ba
101 _apor
102 _aPT
200 _aNoite sobre as águas
_fKen Follett
_gtrad. Isabel Nunes, Helena Sobral
205 _a4ª edição
210 _aLisboa
_cPresença
_d2018
215 _a414, [2] p.
_cil.
_d24 cm
225 _aGrandes narrativas
_v684
300 _aBMB-Registado
304 _aTít. orig.: Night over water
606 _9824
_aLiteratura Inglesa
606 _9779
_aRomance
675 _a821.111-31
_vBMB
_zpor
700 _aFollett
_bKen
_f1949-
_92862
702 _aNunes
_bIsabel Maria
_4730
_92883
702 _aSobral
_bHelena
_4730
_92884
801 _aPT
_bBMB
_gRPC
990 _cLIVROS